Fastest Production Cars by Acceleration - Statistics

General Stats
  • This quiz has been taken 60 times
  • The average score is 19 of 28
Answer Stats
Time (s) Make Model Year % Correct
2.5 Bugatti Veyron 2005
95%
2.5 Porsche 911 GT2 RS 2018
93%
2.4 Porsche 911 Turbo S 2020
93%
2.5 Porsche 911 Turbo S 2014
93%
2.6 Porsche 911 Turbo S 2011
93%
2.7 Lamborghini Aventador 2012
88%
2.5 Lamborghini Aventador SVJ 2019
88%
2.7 Nissan GT-R 2014
88%
2.48 Nissan GT-R Nismo 2020
88%
2.5 Bugatti Chiron 2017
86%
2.28 Tesla Model S P100D 2017
86%
2.6 Tesla Model S P90D 2015
86%
2.5 Lamborghini Huracán 2015
81%
2.3 Lamborghini Huracán Performante 2018
81%
2.6 BMW M5 Competition 2019
71%
2.6 McLaren P1 2015
67%
2.6 Audi R8 V10 Plus 2017
67%
2.5 BMW M8 Competition 2019
64%
2.5 McLaren 720S 2018
60%
2.1 Porsche 918 Spyder 2015
60%
2.6 Dodge Challenger SRT Demon 2018
57%
2.8 Chevrolet Corvette Stringray Z51 2020
55%
2.4 Porsche Taycan Turbo S 2020
50%
2.7 Ferrari 488 Pista 2019
36%
2.7 McLaren 650S 2015
24%
2.8 Ferrari 812 Superfast 2018
21%
2.8 Caterham 7 620R 2013
0%
2.6 Lamborghini Aventador SV 2015
0%
No matching quizzes found
Score Distribution
Percent of People with Each Score
Percentile by Number Answered
Your Score History
You have not taken this quiz